000 00721nam a2200289Ia 4500
005 20260324143215.0
008 008 260324s9999 xx 000 0 eng d
020 _a9781315799636
037 _aEBOOK
040 _aCRL
040 _beng
040 _cCRL
041 _2eng
041 _aeng
084 _qCRL
100 _aWilliam E. Hockley; Stephan Lewandowsky
_91214785
245 0 _aRelating Theory and Data
245 0 _bEssays on Human Memory in Honor of Bennet B. Murdock
260 _bTaylor and Francis
260 _c1992
365 _a
365 _b330
856 _uhttp://www.taylorfrancis.com/books/9781315799636
942 _cEBOOK
999 _c1819907
_d1819907